01138pam a2200301 a 4500999001900000001000800019003000500027005001700032008004100049010001700090020002500107040001800132050002100150082001600171100003400187245018100221260005300402300003400455500000800489504003900497650003700536650003600573650002500609700003400634906004500668942001800713952010500731 c331606d3316064328575NUST20171005123632.0880426s1989 njua b 001 0 eng  a 88015543  a0132831775 :c$34.50 aDLCcDLCdDLC00aTD146b.H45 198900a628 HEN2191 aHenry, J. Glynn,d1926-9527110aEnvironmental science and engineering /cby J. Glynn Henry and Gary W. Heinke ; with contributions by other staff members of the University of Toronto, Ian Burton ... [et al.]. aEnglewood Cliffs, N.J. :bPrentice Hall,cc1989. axix, 728 p. :bill. ;c24 cm. aH.B aIncludes bibliographies and index. 0aEnvironmental engineering.91550 0aEnvironmental protection.95272 0aHuman ecology.936291 aHeinke, Gary W.,d1932-95273 a7bcbccorignewd1eocipf19gy-gencatlg 2ddccBKkIESE 00102ddc40708NFICaIESEbIESEcGENd2017-10-05l0o628 HENpIESE-127r2017-10-05w2017-10-05yBK